[Event "8. Arber-Schachopen 2019"]
[Site "Bodenmais"]
[Date "2019.08.04"]
[Round "9.13"]
[White "Beulertz, Stefan"]
[Black "Hoffmann, Sebastian"]
[Result "1/2-1/2"]
[WhiteElo "2033"]
[BlackElo "2199"]
[Annotator "NA"]
[PlyCount "162"]
[EventDate "2019.07.27"]
[EventCountry "GER"]
[SourceTitle "playchess.com"]
[Source "ChessBase"]
[SourceQuality "1"]
[TimeControl "40/5400+30:1800+30"]

1. e4 {[%emt 0:00:00]} c5 {[%emt 0:00:00]} 2. Nf3 {[%emt 0:00:00]} Nc6 {[%emt 0:00:00]} 3. c3 {[%emt 0:00:15]} d5 {[%emt 0:00:00]} 4. exd5 {[%emt 0:00:15]} Qxd5 {[%emt 0:00:00]} 5. Na3 {[%emt 0:02:56]} e5 {[%emt 0:00:01]} 6. Bc4 {[%emt 0:01:08]} Qe4+ {[%emt 0:00:07]} 7. Be2 {[%emt 0:01:47]} Qf5 {[%emt 0:00:04]} 8. d3 {[%emt 0:03:21]} Be7 {[%emt 0:01:29]} 9. Nc4 {[%emt 0:04:27]} Nf6 {[%emt 0:03:10]} 10. Qa4 {[%emt 0:02:29]} Bd7 {[%emt 0:05:55]} 11. Nb6 {[%emt 0:06:42]} Rd8 {[%emt 0:00:09]} 12. Nxd7 {[%emt 0:00:05]} Rxd7 {[%emt 0:02:14]} 13. h3 {[%emt 0:03:52]} O-O {[%emt 0:10:05]} 14. O-O {[%emt 0:03:14]} h6 {[%emt 0:06:31]} 15. Nh2 {[%emt 0:07:25]} Qe6 {[%emt 0:08:05]} 16. Re1 {[%emt 0:05:21]} Qd6 {[%emt 0:02:51]} 17. f4 {[%emt 0:12:20]} Nd5 {[%emt 0:03:12]} 18. fxe5 {[%emt 0:04:44]} Nxe5 {[%emt 0:00:48]} 19. Nf3 {[%emt 0:03:08]} Bf6 {[%emt 0:11:09]} 20. Nxe5 {[%emt 0:09:10]} Bxe5 {[%emt 0:00:19]} 21. Rf1 {[%emt 0:06:01]} Re7 {[%emt 0:04:32]} 22. Bf3 {[%emt 0:02:08]} Nb6 {[%emt 0:05:23]} 23. Qc2 {[%emt 0:00:18]} Qg6 {[%emt 0:00:38]} 24. Qf2 {[%emt 0:02:38]} Qd6 {[%emt 0:08:58]} 25. Be4 {[%emt 0:01:32]} Nd5 {[%emt 0:03:15]} 26. Qf3 {[%emt 0:01:29]} Rd8 {[%emt 0:00:09]} 27. Be3 {[%emt 0:08:28]} Nf6 {[%emt 0:04:24]} 28. Rad1 {[%emt 0:01:47]} b6 {[%emt 0:01:56]} 29. Kh1 {[%emt 0:00:16]} Qe6 {[%emt 0:00:29]} 30. Bf5 {[%emt 0:01:00]} Qxa2 {[%emt 0:00:54]} 31. d4 {[%emt 0:01:38]} cxd4 {[%emt 0:00:42]} 32. cxd4 {[%emt 0:00:04]} Bb8 {[%emt 0:01:55]} 33. Bxh6 {[%emt 0:03:14]} gxh6 {[%emt 0:02:43]} 34. Bb1 {[%emt 0:00:13]} Qe6 {[%emt 0:00:42]} 35. Qxf6 {[%emt 0:00:07]} Qxf6 {[%emt 0:00:27]} 36. Rxf6 {[%emt 0:00:04]} Rxd4 {[%emt 0:00:24]} 37. Rc1 {[%emt 0:00:41]} Red7 {[%emt 0:04:12]} 38. Ba2 {[%emt 0:01:03]} Be5 {[%emt 0:05:28]} 39. Rff1 {[%emt 0:02:47]} Rd2 {[%emt 0:00:37]} 40. Rce1 {[%emt 0:01:18]} Bxb2 {[%emt 0:02:28]} 41. Bb3 {[%emt 0:00:13]} Kg7 {[%emt 0:03:21]} 42. Re3 {[%emt 0:01:48]} Kf8 {[%emt 0:04:46]} 43. Re6 {[%emt 0:02:19]} f6 {[%emt 0:01:32]} 44. Rfe1 {[%emt 0:00:53]} Be5 {[%emt 0:01:10]} 45. Rf1 {[%emt 0:00:34]} Re7 {[%emt 0:04:07]} 46. Rc6 {[%emt 0:00:29]} Re8 {[%emt 0:04:54]} 47. Be6 {[%emt 0:06:02]} Rd6 {[%emt 0:05:14]} 48. Rxd6 {[%emt 0:07:24]} Bxd6 {[%emt 0:00:02]} 49. Rxf6+ Kg7 {[%emt 0:00:04]} 50. Rf7+ {[%emt 0:00:58]} Kg6 {[%emt 0:00:05]} 51. Bc4 {[%emt 0:00:04]} Rc8 {[%emt 0:02:51]} 52. Rd7 {[%emt 0:00:25]} Rxc4 {[%emt 0:01:45]} 53. Rxd6+ {[%emt 0:00:04]} Kg5 {[%emt 0:00:21]} 54. Kh2 {[%emt 0:01:56]} Rb4 {[%emt 0:00:29]} 55. Rd5+ {[%emt 0:00:33]} Kg6 {[%emt 0:04:33]} 56. Rd6+ {[%emt 0:00:09]} Kf5 {[%emt 0:00:16]} 57. Rxh6 {[%emt 0:00:22]} a5 {[%emt 0:00:00]} 58. g4+ Kf4 59. Rf6+ {[%emt 0:02:17]} Kg5 {[%emt 0:00:02]} 60. Rf5+ {[%emt 0:00:53]} Kg6 {[%emt 0:00:00]} 61. Kg3 {[%emt 0:05:55]} a4 {[%emt 0:00:07]} 62. Rf8 {[%emt 0:01:01]} Rb5 {[%emt 0:02:27]} 63. h4 {[%emt 0:01:10]} a3 {[%emt 0:00:41]} 64. h5+ {[%emt 0:01:04]} Kg7 {[%emt 0:00:35]} 65. Rf1 {[%emt 0:04:04]} a2 {[%emt 0:00:18]} 66. Ra1 {[%emt 0:00:14]} Ra5 {[%emt 0:00:11]} 67. Kf2 {[%emt 0:00:08]} b5 {[%emt 0:04:22]} 68. Ke2 {[%emt 0:00:03]} b4 {[%emt 0:00:23]} 69. Kd2 {[%emt 0:00:10]} b3 {[%emt 0:00:43]} 70. Kc3 {[%emt 0:00:17]} Rb5 {[%emt 0:00:10]} 71. Kb2 {[%emt 0:00:16]} Kh6 {[%emt 0:00:25]} 72. Rh1 {[%emt 0:01:23]} Rb7 {[%emt 0:01:36]} 73. Ka3 {[%emt 0:02:23]} Rb6 {[%emt 0:01:21]} 74. Kb2 {[%emt 0:00:48]} Kg5 {[%emt 0:00:02]} 75. Rg1 {[%emt 0:01:04]} Rb4 {[%emt 0:00:18]} 76. Rg3 {[%emt 0:00:37]} Ra4 {[%emt 0:01:36]} 77. Rg1 {[%emt 0:00:10]} Rb4 {[%emt 0:00:22]} 78. Rg3 {[%emt 0:00:38]} Kf4 {[%emt 0:00:48]} 79. Rg1 {[%emt 0:00:07]} Kg5 {[%emt 0:00:34]} 80. Rg3 {[%emt 0:00:03]} Kf4 {[%emt 0:00:30]} 81. Rg1 {[%emt 0:00:10]} Kg5 {[%emt 0:00:30]} 1/2-1/2

[Event "8. Arber-Schachopen 2019"]
[Site "Bodenmais"]
[Date "2019.08.04"]
[Round "9.14"]
[White "Glaser, Max"]
[Black "Beck, Gerald"]
[Result "1/2-1/2"]
[WhiteElo "1949"]
[BlackElo "2176"]
[Annotator "NA"]
[PlyCount "38"]
[EventDate "2019.07.27"]
[EventCountry "GER"]
[SourceTitle "playchess.com"]
[Source "ChessBase"]
[SourceQuality "1"]
[TimeControl "40/5400+30:1800+30"]

1. e4 {[%emt 0:00:00]} c5 {[%emt 0:00:00]} 2. Nf3 {[%emt 0:00:00]} a6 {[%emt 0:00:00]} 3. Nc3 {[%emt 0:00:04]} b5 {[%emt 0:02:54]} 4. d3 {[%emt 0:01:05]} Nc6 {[%emt 0:03:36]} 5. Bf4 {[%emt 0:01:02]} d6 {[%emt 0:16:47]} 6. h3 {[%emt 0:02:52]} e5 {[%emt 0:01:24]} 7. Be3 {[%emt 0:01:44]} Nge7 {[%emt 0:01:17]} 8. g4 {[%emt 0:08:54]} Nd4 {[%emt 0:16:03]} 9. Bg2 {[%emt 0:02:29]} Bb7 {[%emt 0:02:19]} 10. Bxd4 {[%emt 0:07:22]} cxd4 {[%emt 0:02:13]} 11. Ne2 {[%emt 0:00:07]} h5 {[%emt 0:02:59]} 12. g5 {[%emt 0:02:03]} Ng6 {[%emt 0:00:47]} 13. O-O {[%emt 0:11:05]} h4 {[%emt 0:08:45]} 14. a4 {[%emt 0:00:36]} Be7 {[%emt 0:06:11]} 15. axb5 {[%emt 0:03:56]} axb5 {[%emt 0:00:45]} 16. Qd2 {[%emt 0:00:46]} O-O {[%emt 0:05:57]} 17. c3 {[%emt 0:10:17]} dxc3 {[%emt 0:00:43]} 18. bxc3 {[%emt 0:01:04]} d5 {[%emt 0:01:29]} 19. Qe3 {[%emt 0:07:47]} dxe4 {[%emt 0:11:02]} 1/2-1/2

[Event "8. Arber-Schachopen 2019"]
[Site "Bodenmais"]
[Date "2019.08.04"]
[Round "9.15"]
[White "Peglau, Charis"]
[Black "Schelle, Artur"]
[Result "0-1"]
[WhiteElo "1540"]
[BlackElo "2176"]
[Annotator "NA"]
[PlyCount "54"]
[EventDate "2019.07.27"]
[EventCountry "GER"]
[SourceTitle "playchess.com"]
[Source "ChessBase"]
[SourceQuality "1"]
[TimeControl "40/5400+30:1800+30"]

1. c4 {[%emt 0:00:00]} f5 {[%emt 0:00:00]} 2. Nc3 {[%emt 0:00:00]} Nf6 {[%emt 0:00:00]} 3. d4 {[%emt 0:00:07]} d6 {[%emt 0:00:02]} 4. Bf4 {[%emt 0:00:36]} g6 {[%emt 0:01:26]} 5. e3 {[%emt 0:01:26]} Bg7 {[%emt 0:00:44]} 6. Nf3 {[%emt 0:01:02]} O-O {[%emt 0:00:35]} 7. Be2 {[%emt 0:00:29]} Nc6 {[%emt 0:07:30]} 8. O-O {[%emt 0:02:57]} Ne4 {[%emt 0:04:04]} 9. Nxe4 {[%emt 0:03:07]} fxe4 {[%emt 0:00:06]} 10. Nd2 {[%emt 0:00:16]} Nxd4 {[%emt 0:02:43]} 11. exd4 {[%emt 0:03:36]} Rxf4 {[%emt 0:00:14]} 12. g3 {[%emt 0:03:46]} Rf8 {[%emt 0:03:51]} 13. Nxe4 {[%emt 0:00:09]} Bf5 {[%emt 0:14:18]} 14. Nc3 {[%emt 0:01:51]} c6 {[%emt 0:02:06]} 15. Qd2 {[%emt 0:10:00]} Qa5 {[%emt 0:06:50]} 16. Rad1 {[%emt 0:07:45]} Rae8 {[%emt 0:03:28]} 17. Rfe1 {[%emt 0:07:54]} Bc8 {[%emt 0:07:57]} 18. Bf1 {[%emt 0:01:29]} Qh5 {[%emt 0:00:52]} 19. Bg2 {[%emt 0:02:05]} Bg4 {[%emt 0:01:02]} 20. Ne2 {[%emt 0:09:13]} Bh6 {[%emt 0:02:54]} 21. Qd3 {[%emt 0:03:47]} e5 {[%emt 0:01:05]} 22. d5 {[%emt 0:09:17]} c5 {[%emt 0:01:03]} 23. Ra1 {[%emt 0:05:34]} Bf3 {[%emt 0:01:08]} 24. Nc3 {[%emt 0:04:18]} Bxg2 {[%emt 0:02:47]} 25. Kxg2 {[%emt 0:00:44]} Rxf2+ {[%emt 0:00:41]} 26. Kxf2 {[%emt 0:01:43]} Qxh2+ {[%emt 0:01:56]} 27. Kf3 {[%emt 0:00:22]} Rf8+ {[%emt 0:00:01]} 0-1

[Event "8. Arber-Schachopen 2019"]
[Site "Bodenmais"]
[Date "2019.08.04"]
[Round "9.16"]
[White "Hoffmann, Tim"]
[Black "Kolb, Wolfgang"]
[Result "1-0"]
[WhiteElo "2147"]
[BlackElo "2099"]
[Annotator "ChessBase"]
[PlyCount "115"]
[EventDate "2019.07.27"]
[EventCountry "GER"]
[SourceTitle "playchess.com"]
[Source "ChessBase"]
[SourceQuality "1"]
[TimeControl "40/5400+30:1800+30"]

1. e4 {[%emt 0:00:00]} c6 {[%emt 0:00:00]} 2. d4 {[%emt 0:00:00]} d5 {[%emt 0:00:00]} 3. e5 {[%emt 0:00:00]} c5 {[%emt 0:00:00]} 4. dxc5 {[%emt 0:00:08]} Nc6 {[%emt 0:00:14]} 5. Nf3 {[%emt 0:00:55]} Bg4 {[%emt 0:00:09]} 6. c3 {[%emt 0:00:56]} e6 {[%emt 0:00:56]} 7. Be3 {[%emt 0:00:51]} Bxf3 {[%emt 0:07:54]} 8. Qxf3 {[%emt 0:00:40]} Nxe5 {[%emt 0:01:00]} 9. Bb5+ {[%emt 0:04:18]} Nc6 {[%emt 0:00:14]} 10. O-O {[%emt 0:00:27]} Nge7 {[%emt 0:02:24]} 11. c4 {[%emt 0:03:31]} a6 {[%emt 0:13:47]} 12. Ba4 {[%emt 0:01:24]} Qa5 {[%emt 0:00:11]} 13. Nc3 {[%emt 0:01:30]} Rd8 {[%emt 0:00:19]} 14. Rad1 {[%emt 0:03:02]} dxc4 {[%emt 0:21:17]} 15. Rxd8+ {[%emt 0:01:43]} Qxd8 {[%emt 0:00:16]} 16. Rd1 {[%emt 0:00:27]} Qc8 {[%emt 0:00:16]} 17. Rd6 {[%emt 0:15:15]} f6 {[%emt 0:14:21]} 18. Ne4 {[%emt 0:10:09]} Nd5 {[%emt 0:01:44]} 19. Qh3 {[%emt 0:14:24]} f5 {[%emt 0:01:24]} 20. Bg5 {[%emt 0:00:55]} fxe4 {[%emt 0:14:46]} 21. Rxe6+ {[%emt 0:21:49]} Be7 {[%emt 0:01:54]} 22. Qf5 {[%emt 0:05:11]} Qd7 {[%emt 0:01:50]} 23. Qxe4 {[%emt 0:01:06]} Kf7 {[%emt 0:01:09]} 24. Bxe7 {[%emt 0:05:58]} Ndxe7 {[%emt 0:00:59]} 25. Rd6 {[%emt 0:00:39]} Qf5 {[%emt 0:02:07]} 26. Qxc4+ {[%emt 0:00:07]} Ke8 {[%emt 0:00:44]} 27. h3 {[%emt 0:03:16]} Qe5 {[%emt 0:05:34]} 28. Qd3 {[%emt 0:01:28]} Qe1+ {[%emt 0:03:21]} 29. Kh2 Qe5+ {[%emt 0:00:06]} 30. g3 {[%emt 0:01:06]} Kf8 {[%emt 0:00:59]} 31. Rd8+ {[%emt 0:01:31]} Nxd8 {[%emt 0:00:20]} 32. Qxd8+ {[%emt 0:00:05]} Kf7 {[%emt 0:00:07]} 33. Bb3+ {[%emt 0:00:09]} Kg6 {[%emt 0:01:06]} 34. Qxh8 {[%emt 0:00:04]} Qxc5 {[%emt 0:00:29]} 35. Qe8+ {[%emt 0:00:25]} Kh6 {[%emt 0:00:27]} 36. Qf8 {[%emt 0:00:24]} Qe5 {[%emt 0:01:26]} 37. Kg2 {[%emt 0:01:46]} Ng6 {[%emt 0:00:35]} 38. Qf3 {[%emt 0:00:37]} b6 {[%emt 0:03:11]} 39. Bc2 {[%emt 0:00:44]} Ne7 {[%emt 0:01:02]} 40. Be4 {[%emt 0:00:47]} Qxb2 {[%emt 0:00:47]} 41. Qe3+ {[%emt 0:01:57]} g5 {[%emt 0:01:24]} 42. h4 {[%emt 0:00:16]} Qf6 {[%emt 0:00:20]} 43. hxg5+ {[%emt 0:00:10]} Qxg5 {[%emt 0:00:07]} 44. Qxb6+ {[%emt 0:00:06]} Kg7 {[%emt 0:00:37]} 45. Qxa6 {[%emt 0:00:26]} Qe5 {[%emt 0:00:27]} 46. Qd3 {[%emt 0:00:24]} Ng6 {[%emt 0:00:42]} 47. a4 {[%emt 0:00:38]} Qg5 {[%emt 0:00:43]} 48. Qd7+ {[%emt 0:01:07]} Kh6 {[%emt 0:00:19]} 49. Qd6 {[%emt 0:02:25]} Qa5 {[%emt 0:00:50]} 50. Qc6 {[%emt 0:02:49]} Qb4 {[%emt 0:00:36]} 51. Bf3 {[%emt 0:00:52]} Qe1 {[%emt 0:03:39]} 52. Qb6 {[%emt 0:00:30]} Kg7 {[%emt 0:00:33]} 53. a5 {[%emt 0:00:45]} Ne5 {[%emt 0:00:30]} 54. Qb7+ {[%emt 0:00:39]} Kh6 {[%emt 0:00:50]} 55. a6 {[%emt 0:00:14]} Nd3 {[%emt 0:01:15]} 56. Qc6+ {[%emt 0:00:24]} Kg5 {[%emt 0:00:42]} 57. Qd5+ {[%emt 0:00:20]} Ne5 {[%emt 0:00:27]} 58. a7 1-0

[Event "8. Arber-Schachopen 2019"]
[Site "Bodenmais"]
[Date "2019.08.04"]
[Round "9.17"]
[White "Fuchs, Michael"]
[Black "Eggeling, Philipp"]
[Result "0-1"]
[WhiteElo "2114"]
[BlackElo "1869"]
[Annotator "NA"]
[PlyCount "52"]
[EventDate "2019.07.27"]
[EventCountry "GER"]
[SourceTitle "playchess.com"]
[Source "ChessBase"]
[SourceQuality "1"]
[TimeControl "40/5400+30:1800+30"]

1. e4 {[%emt 0:00:00]} c6 {[%emt 0:00:00]} 2. Nc3 {[%emt 0:00:00]} d5 {[%emt 0:00:00]} 3. Nf3 {[%emt 0:00:00]} dxe4 {[%emt 0:00:34]} 4. Nxe4 {[%emt 0:00:00]} Bf5 {[%emt 0:00:19]} 5. Ng3 {[%emt 0:00:10]} Bg6 {[%emt 0:00:12]} 6. Bc4 {[%emt 0:03:32]} e6 {[%emt 0:00:52]} 7. Ne5 {[%emt 0:02:48]} Bd6 {[%emt 0:00:25]} 8. d4 {[%emt 0:01:55]} Bxe5 {[%emt 0:01:01]} 9. dxe5 {[%emt 0:00:05]} Qa5+ {[%emt 0:00:16]} 10. c3 {[%emt 0:02:25]} Qxe5+ {[%emt 0:00:13]} 11. Be3 {[%emt 0:00:04]} Nf6 {[%emt 0:01:16]} 12. O-O {[%emt 0:00:07]} Nbd7 {[%emt 0:00:20]} 13. Re1 {[%emt 0:00:37]} Qc7 {[%emt 0:00:15]} 14. f4 {[%emt 0:03:06]} O-O {[%emt 0:00:40]} 15. Qf3 {[%emt 0:01:01]} Nb6 {[%emt 0:01:39]} 16. Bb3 {[%emt 0:00:54]} Nbd5 {[%emt 0:00:29]} 17. Bd2 {[%emt 0:00:24]} Rad8 {[%emt 0:04:00]} 18. c4 {[%emt 0:00:32]} Ne7 {[%emt 0:00:36]} 19. Bc3 {[%emt 0:00:59]} Rd3 {[%emt 0:03:06]} 20. Re3 {[%emt 0:03:12]} Qb6 {[%emt 0:01:28]} 21. c5 {[%emt 0:05:27]} Qxc5 {[%emt 0:00:42]} 22. Bb4 {[%emt 0:00:04]} Qxe3+ {[%emt 0:00:45]} 23. Qxe3 {[%emt 0:00:24]} Rxe3 {[%emt 0:00:03]} 24. Bxe7 {[%emt 0:00:47]} Re8 {[%emt 0:00:34]} 25. Bc5 {[%emt 0:00:14]} Rd3 {[%emt 0:03:46]} 26. Bxa7 {[%emt 0:00:05]} Ra8 {[%emt 0:00:13]} 0-1

[Event "8. Arber-Schachopen 2019"]
[Site "Bodenmais"]
[Date "2019.08.04"]
[Round "9.18"]
[White "Brandsma, Romayn"]
[Black "Schmahl, Stephan"]
[Result "1/2-1/2"]
[WhiteElo "1957"]
[BlackElo "2101"]
[Annotator "NA"]
[PlyCount "23"]
[EventDate "2019.07.27"]
[EventCountry "GER"]
[SourceTitle "playchess.com"]
[Source "ChessBase"]
[SourceQuality "1"]
[TimeControl "40/5400+30:1800+30"]

1. e4 {[%emt 0:03:14]} e6 {[%emt 0:00:00]} 2. d4 {[%emt 0:00:03]} d5 {[%emt 0:00:00]} 3. Nd2 {[%emt 0:00:04]} Nf6 {[%emt 0:00:20]} 4. e5 {[%emt 0:00:08]} Nfd7 {[%emt 0:00:02]} 5. Bd3 {[%emt 0:00:06]} c5 {[%emt 0:00:08]} 6. c3 {[%emt 0:00:04]} Nc6 {[%emt 0:00:08]} 7. Ne2 {[%emt 0:00:03]} cxd4 {[%emt 0:00:15]} 8. cxd4 {[%emt 0:00:05]} f6 {[%emt 0:00:11]} 9. exf6 {[%emt 0:00:08]} Nxf6 {[%emt 0:00:04]} 10. O-O {[%emt 0:00:27]} Bd6 {[%emt 0:00:05]} 11. Nf3 {[%emt 0:00:06]} O-O {[%emt 0:00:24]} 12. Bf4 {[%emt 0:00:15]} 1/2-1/2

[Event "8. Arber-Schachopen 2019"]
[Site "Bodenmais"]
[Date "2019.08.04"]
[Round "9.19"]
[White "Bielmeier, Ludwig"]
[Black "Albrecht, Manuel"]
[Result "1-0"]
[WhiteElo "2083"]
[BlackElo "1833"]
[Annotator "NA"]
[PlyCount "121"]
[EventDate "2019.07.27"]
[EventCountry "GER"]
[SourceTitle "playchess.com"]
[Source "ChessBase"]
[SourceQuality "1"]
[TimeControl "40/5400+30:1800+30"]

1. g3 {[%emt 0:03:30]} d5 {[%emt 0:00:00]} 2. Bg2 {[%emt 0:00:08]} Nf6 {[%emt 0:00:00]} 3. c4 {[%emt 0:00:28]} e6 {[%emt 0:00:02]} 4. Nf3 {[%emt 0:00:16]} Be7 {[%emt 0:00:14]} 5. O-O {[%emt 0:00:12]} O-O {[%emt 0:00:04]} 6. Qc2 {[%emt 0:00:20]} dxc4 {[%emt 0:09:29]} 7. Qxc4 {[%emt 0:03:14]} a6 {[%emt 0:06:57]} 8. Qc2 {[%emt 0:00:55]} Nc6 {[%emt 0:03:11]} 9. Nc3 {[%emt 0:01:02]} Bd7 {[%emt 0:02:33]} 10. Rd1 {[%emt 0:01:22]} Qc8 {[%emt 0:02:10]} 11. d4 {[%emt 0:00:42]} Nb4 {[%emt 0:01:00]} 12. Qb1 {[%emt 0:00:46]} c5 {[%emt 0:03:38]} 13. dxc5 {[%emt 0:10:20]} Bxc5 {[%emt 0:00:19]} 14. a3 {[%emt 0:13:58]} Nbd5 {[%emt 0:05:43]} 15. Nxd5 {[%emt 0:01:40]} Nxd5 {[%emt 0:00:07]} 16. Ng5 {[%emt 0:05:33]} Nf6 {[%emt 0:05:04]} 17. b4 {[%emt 0:01:22]} Ba4 {[%emt 0:02:51]} 18. Bb2 {[%emt 0:02:57]} Bxd1 {[%emt 0:05:38]} 19. bxc5 {[%emt 0:14:20]} Qxc5 {[%emt 0:01:38]} 20. Bxf6 {[%emt 0:04:14]} Bc2 {[%emt 0:01:10]} 21. Qxb7 {[%emt 0:07:52]} gxf6 {[%emt 0:05:32]} 22. Nxf7 {[%emt 0:00:42]} Rab8 {[%emt 0:05:18]} 23. Nh6+ {[%emt 0:00:36]} Kh8 {[%emt 0:00:13]} 24. Qd7 {[%emt 0:11:02]} Qh5 {[%emt 0:05:42]} 25. Qd2 {[%emt 0:08:24]} Rb1+ {[%emt 0:10:30]} 26. Rxb1 {[%emt 0:00:12]} Bxb1 {[%emt 0:00:04]} 27. Bf3 {[%emt 0:02:58]} Qc5 {[%emt 0:07:39]} 28. Qb2 {[%emt 0:01:40]} Bg6 {[%emt 0:03:15]} 29. Ng4 {[%emt 0:00:15]} e5 {[%emt 0:00:34]} 30. h4 {[%emt 0:01:11]} h5 {[%emt 0:05:58]} 31. Ne3 {[%emt 0:00:17]} e4 {[%emt 0:01:29]} 32. Bg2 {[%emt 0:00:22]} Qb5 {[%emt 0:01:37]} 33. Qd4 {[%emt 0:01:05]} Qc6 {[%emt 0:01:52]} 34. Qb4 {[%emt 0:00:26]} Rc8 {[%emt 0:01:07]} 35. Kh2 {[%emt 0:00:22]} Qc5 {[%emt 0:02:05]} 36. Qb2 {[%emt 0:00:26]} Qc3 {[%emt 0:00:16]} 37. Qb7 {[%emt 0:00:18]} Qc6 {[%emt 0:00:27]} 38. Qe7 {[%emt 0:00:17]} Re8 {[%emt 0:01:28]} 39. Qa7 {[%emt 0:00:13]} Ra8 {[%emt 0:00:31]} 40. Qd4 {[%emt 0:00:19]} Re8 {[%emt 0:01:05]} 41. Bh3 {[%emt 0:31:36]} Re5 {[%emt 0:04:33]} 42. Bd7 {[%emt 0:00:00]} Qc5 {[%emt 0:03:18]} 43. Qb2 {[%emt 0:00:00]} Qc7 {[%emt 0:01:16]} 44. Bh3 {[%emt 0:00:00]} Kg7 {[%emt 0:00:17]} 45. Qb4 {[%emt 0:00:00]} Rc5 {[%emt 0:02:29]} 46. Bg2 {[%emt 0:00:00]} a5 {[%emt 0:00:23]} 47. Qd4 {[%emt 0:00:00]} Qc6 {[%emt 0:00:29]} 48. Bh3 {[%emt 0:00:00]} Rc3 {[%emt 0:02:58]} 49. Qa7+ {[%emt 0:00:00]} Qc7 {[%emt 0:01:24]} 50. Qa6 {[%emt 0:00:00]} Rxe3 {[%emt 0:04:14]} 51. fxe3 {[%emt 0:00:00]} f5 {[%emt 0:00:07]} 52. Qb5 {[%emt 0:00:00]} Kf6 {[%emt 0:00:42]} 53. Qb2+ {[%emt 0:00:00]} Kf7 {[%emt 0:00:24]} 54. Kg2 {[%emt 0:00:00]} Qc5 {[%emt 0:00:37]} 55. Kf2 {[%emt 0:00:00]} Qc7 {[%emt 0:00:53]} 56. Qb5 {[%emt 0:00:00]} Kf6 {[%emt 0:00:50]} 57. Qd5 {[%emt 0:00:00]} Ke7 {[%emt 0:01:54]} 58. Bxf5 {[%emt 0:00:12]} Bxf5 {[%emt 0:00:53]} 59. Qxf5 {[%emt 0:00:03]} Qc6 {[%emt 0:01:03]} 60. Qxa5 {[%emt 0:00:53]} Qf6+ {[%emt 0:00:56]} 61. Kg2 {[%emt 0:00:34]} 1-0

[Event "8. Arber-Schachopen 2019"]
[Site "Bodenmais"]
[Date "2019.08.04"]
[Round "9.20"]
[White "Weisheit, Erik"]
[Black "Schwenkreis, Thomas"]
[Result "1-0"]
[WhiteElo "1862"]
[BlackElo "2048"]
[Annotator "NA"]
[PlyCount "115"]
[EventDate "2019.07.27"]
[EventCountry "GER"]
[SourceTitle "playchess.com"]
[Source "ChessBase"]
[SourceQuality "1"]
[TimeControl "40/5400+30:1800+30"]

1. e4 {[%emt 0:00:00]} e5 {[%emt 0:00:00]} 2. Nf3 {[%emt 0:00:06]} d6 {[%emt 0:00:00]} 3. d4 {[%emt 0:00:17]} Nf6 {[%emt 0:00:00]} 4. dxe5 {[%emt 0:00:09]} Nxe4 {[%emt 0:00:00]} 5. Qd5 {[%emt 0:00:11]} Nc5 {[%emt 0:00:00]} 6. Bg5 {[%emt 0:00:11]} f6 {[%emt 0:03:42]} 7. exf6 {[%emt 0:02:02]} gxf6 {[%emt 0:00:01]} 8. Bh4 {[%emt 0:34:25]} Qe7+ {[%emt 0:03:01]} 9. Be2 {[%emt 0:01:01]} Be6 {[%emt 0:00:26]} 10. Qd4 {[%emt 0:00:26]} Bg7 {[%emt 0:01:49]} 11. Nc3 {[%emt 0:01:14]} O-O {[%emt 0:00:42]} 12. O-O-O {[%emt 0:02:37]} Qf7 {[%emt 0:01:54]} 13. Rhe1 {[%emt 0:01:48]} Nc6 14. Qf4 {[%emt 0:01:55]} Ne5 {[%emt 0:04:33]} 15. Nxe5 {[%emt 0:07:21]} dxe5 {[%emt 0:00:18]} 16. Qb4 {[%emt 0:00:46]} b6 {[%emt 0:00:44]} 17. Kb1 {[%emt 0:03:09]} a5 {[%emt 0:00:50]} 18. Qa3 {[%emt 0:00:19]} Rfd8 {[%emt 0:01:15]} 19. f4 {[%emt 0:00:46]} e4 {[%emt 0:04:00]} 20. Nb5 {[%emt 0:06:33]} Bf8 {[%emt 0:01:56]} 21. Qg3+ {[%emt 0:00:18]} Kh8 {[%emt 0:00:23]} 22. Rxd8 {[%emt 0:05:37]} Rxd8 {[%emt 0:00:01]} 23. Bh5 {[%emt 0:02:32]} Qe7 {[%emt 0:10:56]} 24. Nxc7 {[%emt 0:04:53]} Bg7 {[%emt 0:02:53]} 25. Nxe6 {[%emt 0:00:22]} Qxe6 {[%emt 0:00:02]} 26. a3 {[%emt 0:03:01]} Rc8 {[%emt 0:02:26]} 27. f5 {[%emt 0:02:33]} Qc6 {[%emt 0:01:11]} 28. Qc3 {[%emt 0:02:49]} Rf8 {[%emt 0:01:56]} 29. Bf2 {[%emt 0:01:17]} Qd5 {[%emt 0:01:14]} 30. Qh3 {[%emt 0:00:31]} Qd2 {[%emt 0:04:24]} 31. Bg6 {[%emt 0:03:48]} Bh6 {[%emt 0:02:20]} 32. Qh4 {[%emt 0:02:04]} Kg7 {[%emt 0:03:36]} 33. Be3 {[%emt 0:00:30]} Qxe1+ {[%emt 0:08:21]} 34. Qxe1 {[%emt 0:00:22]} Bxe3 {[%emt 0:01:09]} 35. Qxe3 {[%emt 0:01:05]} hxg6 {[%emt 0:00:02]} 36. b4 {[%emt 0:00:30]} axb4 {[%emt 0:00:39]} 37. axb4 {[%emt 0:00:10]} Na4 {[%emt 0:00:09]} 38. Qg3 {[%emt 0:02:42]} g5 {[%emt 0:05:36]} 39. h4 {[%emt 0:02:07]} e3 {[%emt 0:07:11]} 40. Qxe3 {[%emt 0:01:20]} gxh4 {[%emt 0:00:09]} 41. Qd4 {[%emt 0:30:14]} Rf7 {[%emt 0:31:10]} 42. Qg4+ {[%emt 0:00:42]} Kf8 {[%emt 0:00:18]} 43. Qxh4 {[%emt 0:00:06]} Nc3+ {[%emt 0:00:49]} 44. Kb2 {[%emt 0:00:16]} Nd5 {[%emt 0:00:39]} 45. Kb3 {[%emt 0:00:28]} Ne7 {[%emt 0:04:33]} 46. Qf2 {[%emt 0:01:01]} Nc8 {[%emt 0:02:52]} 47. Qd4 {[%emt 0:00:23]} Kg7 {[%emt 0:03:07]} 48. g4 {[%emt 0:00:19]} b5 {[%emt 0:05:02]} 49. g5 {[%emt 0:00:34]} Ne7 {[%emt 0:00:52]} 50. g6 {[%emt 0:02:40]} Nxf5 {[%emt 0:01:04]} 51. Qf4 {[%emt 0:00:08]} Re7 {[%emt 0:02:08]} 52. Qxf5 {[%emt 0:00:16]} Re5 {[%emt 0:00:00]} 53. Qg4 {[%emt 0:00:56]} Rg5 {[%emt 0:00:28]} 54. Qf4 {[%emt 0:00:06]} Kxg6 {[%emt 0:00:11]} 55. c4 {[%emt 0:00:19]} bxc4+ {[%emt 0:00:16]} 56. Qxc4 {[%emt 0:00:19]} f5 {[%emt 0:00:21]} 57. b5 {[%emt 0:00:19]} Rg1 {[%emt 0:04:04]} 58. Qg8+ {[%emt 0:00:20]} 1-0